| 000 | 00577nam a22001817a 4500 | ||
|---|---|---|---|
| 003 | CEME | ||
| 005 | 20210628210541.0 | ||
| 008 | 210209b xxu||||| |||| 00| 0 eng d | ||
| 020 | _a0-89006-562-4 | ||
| 040 | _c. | ||
| 082 | _a621.381331 SAI | ||
| 100 |
_aSainati A. Robert _979902 |
||
| 245 | _aCad of microstrip antennas for wireless applications | ||
| 260 |
_aBOSTON. LONDON _bARTECH HOUSE _c1996 |
||
| 300 | _a261P | ||
| 650 |
_aWIRELESS COMMUNICATION SYSTEMS DESIGN AND CONSTRUCTION-DATA PROCESSING MICROSTRIP ANTINNAS COMPUTER-AIDED DESIGN _979903 |
||
| 942 |
_cBK _2ddc |
||
| 999 |
_c584885 _d584885 |
||